Songs to Krishna / (Record no. 366151)

MARC details
000 -LEADER
fixed length control field 00924nam#a2200301#a#4500
001 - CONTROL NUMBER
control field vtls000406700
003 - CONTROL NUMBER IDENTIFIER
control field NLI
005 - DATE AND TIME OF LATEST TRANSACTION
control field 20210603110310.0
008 - FIXED-LENGTH DATA ELEMENTS--GENERAL INFORMATION
fixed length control field 110211s1973 ii 000 p eng
020 ## - INTERNATIONAL STANDARD BOOK NUMBER
Terms of availability Rs. 10.00
039 #9 - LEVEL OF BIBLIOGRAPHIC CONTROL AND CODING DETAIL [OBSOLETE]
-- 201102112256
-- Vargis_01
040 ## - CATALOGING SOURCE
Original cataloging agency NLI
Language of cataloging eng
Transcribing agency Vergis_S
Description conventions AACR2
041 1# - LANGUAGE CODE
Language code of text/sound track or separate title eng
Language code of original tam
044 ## - COUNTRY OF PUBLISHING/PRODUCING ENTITY CODE
MARC country code ii
082 04 - DEWEY DECIMAL CLASSIFICATION NUMBER
Classification number 894.8111
100 0# - MAIN ENTRY--PERSONAL NAME
Personal name Subramania Bharati
9 (RLIN) 593113
245 10 - TITLE STATEMENT
Title Songs to Krishna /
Statement of responsibility, etc. Subramania Bharati ; transcreated from the Tamil by David Bunce
260 ## - PUBLICATION, DISTRIBUTION, ETC.
Place of publication, distribution, etc. Calcutta :
Name of publisher, distributor, etc. Writers Workshop,
Date of publication, distribution, etc. c1973
300 ## - PHYSICAL DESCRIPTION
Extent x,40,iv p. ;
Dimensions 23 cm.
504 ## - BIBLIOGRAPHY, ETC. NOTE
Bibliography, etc. note Bibliography : p. 43
650 #0 - SUBJECT ADDED ENTRY--TOPICAL TERM
Topical term or geographic name entry element Tamil poetry
General subdivision Translations into English
9 (RLIN) 459
700 1# - ADDED ENTRY--PERSONAL NAME
Personal name Bunce, David,
Relationship trl
9 (RLIN) 593114
887 ## - NON-MARC INFORMATION FIELD
Content of non-MARC field
901 ## - LOCAL DATA ELEMENT A, LDA (RLIN)
a DB27585
b 28.07.1975
902 ## - LOCAL DATA ELEMENT B, LDB (RLIN)
a E 894.8111 Su 16
942 ## - ADDED ENTRY ELEMENTS (KOHA)
Source of classification or shelving scheme Dewey Decimal Classification
Koha item type Books
949 ## - LOCAL PROCESSING INFORMATION (OCLC)
-- VIRTUAITEM
-- 10000
-- 100
6 DBA000027585ENG
Holdings
Withdrawn status Lost status Damaged status Not for loan Collection code Home library Current library Shelving location Date acquired Total Checkouts Full call number Barcode Date last seen Price effective from Koha item type
        New English National Library of India National Library of India New English - Main Stack Division     E 894.8111 Su 16 DBA000027585ENG 03/06/2021 03/06/2021 Books
                                                                           
web counter

Copyright ©2020 The National Library of India, Govt. of India ↔ Hosted by NVLI, MOC ↔ Technology and Design by National Library of India, Ministry of Culture, Govt. of India